| Registos Bibliográficos associados ao registo de autoridade |
|
Etiqueta de registo: 00548cam 22001931 450 001 298553 003 http://id.bnportugal.gov.pt/bib/catbnp/298553 005 19981228000000.0 095 ## $aPTBN00310519 100 ## $a19000001d1930 m y0pora0103 ba 101 0# $afre 102 ## $aFR 200 1# $a La vraie Mata Hari$ecourtisane et espionne$fCharles S. Heymans$gpréf. de Louis Dumur 210 #9 $aParis$cProméthée,$d1930 215 ## $aXXIII, 408 p.$d19 cm 700 #1 $aHeymans,$bCharles S.$3456702 702 #1 $aDumur,$bLouis,$f1863-1933$4080$3180555 801 #0 $aPT$bBN$gRPC 966 ## $lBN$mFGMON$sB.R. 9737 966 ## $lBN$mFGMON$sL. 31806 P.
|
|
|